000 00545nam a2200205Ia 4500
005 20250508165447.0
008 008 250505s9999 xx 000 0 hin d
020 _a81-8143-360-2
037 _aTextual
040 _aFEDL
_beng
_cFEDL
041 _ahin
_2hin
084 _a801.95, HAR
_qFEDL
100 _aHarimohan
245 0 _aSahitiyik vidhayen: Punarvichar
260 _aNew Delhi, India
_bVani Prakashan
_c2005
300 _a320p.
365 _aINR
_b395
942 _cTEXL
_h801.95, HAR
999 _c1395222
_d1395222